Statistiques concernant Les pays commençant par la lettre B

Cliquez ici pour prendre le quiz!

Statistiques générales

  • Ce quiz a été pris 206 fois
  • Le résultat moyen est 12 sur 18

Statistiques - réponses

Numéro Pays% Correct
5Belgique
95%
11Bolivie
77%
16Bulgarie
73%
1Bahamas
71%
14Brésil
71%
13Botswana
71%
3Bangladesh
70%
8Bhoutan
70%
6Bélize
69%
10Birmanie
66%
7Bénin
66%
2Bahrein
65%
17Burkina Faso
64%
18Burundi
64%
15Brunei
63%
9Biélorussie
62%
4Barbade
60%
12Bosnie-Herzégovine
55%

Distribution des résultats

Percentile par nombre de réponses

% des personnes avec chaque résultat

Votre développement - résultats

Vous n’avez pas pris ce quiz